000 00587cam a22002051 4500
001 sa 65008911
003 DLC
005 20260227112158.0
008 890122s1950 io 000 0 ind
010 _asa 65008911
035 _a(OCoLC)23573774
040 _aDLC
_cMiU
_dDLC
042 _apremarc
050 0 0 _aLAW <Indonesia 4 Posts 1950>
110 1 _aIndonesia.
245 1 0 _aBrosure undang-undang bea meterai (de Zegelverordening)
260 _aBandung.
_bAl Ma'arif [pendahuluan
_c1950]
300 _a32 p.
_c15 cm.
650 0 _aPostal service
_xLaw and legislation
_zIndonesia
999 _c65943
_d65943